000 00528nam a22002177a 4500
003 Nust
005 20211215161624.0
008 170120b xxu||||| |||| 00| 0 eng d
020 _a9789380931067
038 _akhadija
040 _c.
082 _a670.4223 SIN
100 _aBlack, Bruce J.
_986697
245 _aWorshop Processes, Practices & Materials
_c Bruce J. Black
250 _a4th
260 _aNew Delhi,
_bElsevier,
_c2011.
300 _a348p. ;
500 _aPaperback.
563 _aPB
942 _cBK
_2ddc
999 _c32383
_d32383